La ganadería ovina en el sudoeste bonaerense : una estrategia productiva-comercial colectiva /

Guardado en:
Autor Principal: De Angelis, Santiago M.
Autor Corporativo: Universidad Nacional del Sur. Departamento de Agronomía.
Otros Autores: Chimeno, Patricia del Valle, (tutor.)
Formato: Libro
Idioma:Spanish
Publicado: Bahía Blanca, 2016.
Etiquetas: Agregar Etiqueta
Sin Etiquetas, Sea el primero en etiquetar este registro!
LEADER 00746nam a22001695a 4500
001 EEA.libagro010691
005 20181010093418.0
008 140403s2016####ag#a##########000#0#spa#d
082 0 4 |a 636.3 
100 1 |a De Angelis, Santiago M. 
245 1 0 |a La ganadería ovina en el sudoeste bonaerense :  |b una estrategia productiva-comercial colectiva /  |c Santiago M. De Angelis. 
260 |a Bahía Blanca,  |c 2016. 
300 |a 39 h. :  |b il. col. ;  |c 30 cm. 
500 |a Trabajo de intensificación (Ingeniero Agrónomo) -- Universidad Nacional del Sur. Departamento de Agronomía, 2016. 
700 1 |a Chimeno, Patricia del Valle,  |e tutor. 
710 2 |a Universidad Nacional del Sur.  |b Departamento de Agronomía. 
859 |a AR-BbBCA  |b BIB. AGRONOMIA  |h 636.3  |i D284  |p 2016/6674